000 00455nab a2200145Ia 4500
003 ES-SlBCS
005 20210601125238.0
008 140529s1978 xxu||||| |||| 00| 0 eng d
041 _aeng
100 1 _aJones, Hardy
_9151809
245 0 0 _aMill's Argument for the Principle of Utility
_c Hardy Jones
600 1 _aMill, John S.-Utilidad
_9155920
773 0 _tPhilosophy and Phenomenological Research
_gvol. 38, 1978, págs. 338-354
_wRev1411
942 _cAR
999 _c527170
_d527170